00693cam a22002417a 4500008004100000020002200041100002600063245009300089246002100182246001400203246001600217246002100233246002100254260003700275300002700312490002800339650002000367700001900387700001800406003000100424005001700425040000900442  a1857151771 (hbk.)1 aShakespeare, William.14aHistories :nvol. 1 /cgeneral editors Sylvan Barnet ; with introduction by Tony Tanner. aHenry VI, Part 2 aKing John aRichard III aHenry VI, Part 3 aHenry VI, Part 1 aLondon :bDavid Campbell,c1994. acix, 633 p. ;c22 cm. aThe Millennium Library. aPlays-Histories1 aBarnet, Sylan.1 aTanner, Tony.20230123134138.0 cNUST